Kancil dengan agas

Bibliographic Details
Format: Book
Published: Selangor : Kiddibird , [?]
Series:Siri kancil bestari
Subjects:

MARC

LEADER 00000cam a2200000 7i4500
001 0000000487
005 20220105103912.0
008 070702
020 |a 9833334229 
090 0 0 |a JP   |b MAL (849) 
245 0 0 |a Kancil dengan agas 
260 |a Selangor :   |b Kiddibird ,   |c [?] 
440 |a Siri kancil bestari 
500 |a Children age 4-6 years old (yellow) 
650 0 |a Junior preschool   |x Malay   |x Languages 
999 |a 0000959589   |b Book   |c Children Collection   |e Perbadanan Perpustakaan Awam Johor 
999 |a 0000959590   |b Book   |c Children Collection   |e Perbadanan Perpustakaan Awam Johor 
999 |a 0000959591   |b Book   |c Children Collection   |e Cawangan Tangkak 
999 |a 0000959592   |b Book   |c Children Collection   |e Perbadanan Perpustakaan Awam Johor 
999 |a 0000959593   |b Book   |c Children Collection   |e Cawangan Muar 
999 |a 0001051139   |b Book   |c Children Collection   |e Cawangan Bandar Tenggara